| 000 | 00565nam a2200241Ia 4500 | ||
|---|---|---|---|
| 003 | OSt | ||
| 005 | 20221005121151.0 | ||
| 006 | a|||||r|||| 00| 0 | ||
| 007 | ta | ||
| 008 | 221004b |||||||| |||| 00| 0 eng d | ||
| 024 | _a55699 | ||
| 037 | _cTextual | ||
| 040 |
_aCRL _cCRL _beng |
||
| 041 |
_2eng _aeng |
||
| 082 | _aV2:10Q:C, E7 | ||
| 100 |
_aHolland W E S _979813 |
||
| 245 | 0 | _aGoal of India | |
| 250 | _a2nd | ||
| 260 | _c1917 | ||
| 650 | _aHISTORY | ||
| 942 |
_hV2:10Q:C, E7 _cTEXL _2cc |
||
| 999 |
_c1040334 _d1040334 |
||